00439 2200169 4500001002100000008004100021035002000062245005800082260002200140300001500162020001800177084001700195082001100212650002100223990001300244990001200257INLIS000000000000446 Ind  a0010-0921000446 aJurus Sakti Anti Remedial Agama IslamcTri Widyastuti aJakartabGramedia a256c20 cm a9786029231809 a297.73 TRI J a297.73 aPendidikan Agama aDI. 2613 aDI 2613